000 00639nam a22002417a 4500
003 UA-OsUOA
001 124634
007 ta
008 20170821b un ||||| |||| 00| 0 ukr d
100 _aЖабінська Є.
090 _a821.161.2
_bЖ12
942 _cBK
040 _aUA-OsUOA
_bukr
_cUA-OsUOA
_dUA-OsUOA
245 _aКоли приходить тиша
300 _a63 с.
955 _a3
041 _aukr
080 _a821.161.2
020 _a83-904738-2-8
260 _aБільськ-Підляський
_c1995
650 7 _a82 Література. Літературознавство
_2UDC
999 _c411766
_d411766